[Event "Berlin op 03"]
[Site "Berlin"]
[Date "2005.04.02"]
[Round "8"]
[White "Grbic, Zlatko"]
[Black "Andersen, Knut"]
[Result "0-1"]
[WhiteElo "1808"]
[BlackElo "1982"]
[PlyCount "86"]
[EventDate "2005.03.25"]
[EventType "swiss"]
[EventRounds "9"]
[EventCountry "GER"]
[SourceTitle "EXT 2007"]
[Source "ChessBase"]
[SourceDate "2006.11.23"]
[SourceVersion "1"]
[SourceVersionDate "2006.11.23"]
[SourceQuality "1"]

1. e4 c5 2. Nf3 d6 3. d4 cxd4 4. Nxd4 Nf6 5. Nc3 e6 6. Be3 a6 7. f3 Qc7 8. Bd3 Nc6 9. a4 Be7 10. Nb3 Ne5 11. a5 Nc4 12. Bxc4 Qxc4 13. Na4 Nd7 14. Nd2 Qc6 15. 0-0 Bd8 16. b4 b5 17. Nb2 Qc3 18. Nd3 Ne5 19. Nb3 Nxd3 20. cxd3 Bf6 21. Rc1 Qxb4 22. Bd2 Qa4 23. f4 Bd4+ 24. Kh1 e5 25. f5 Bd7 26. Rc2 Rc8 27. Rxc8+ Bxc8 28. Qc2 0-0 29. f6 Be6 30. Nxd4 Qxd4 31. Bg5 Rc8 32. Qd2 d5 33. Bh6 dxe4 34. Qg5 g6 35. dxe4 Qxe4 36. Bg7 Rc2 37. Rg1 Bh3 38. Qg3 Bxg2+ 39. Qxg2 Rxg2 40. Rxg2 b4 41. h3 b3 42. Kh2 Qf4+ 43. Kh1 b2 0-1

[Event "Berlin op 10"]
[Site "Berlin"]
[Date "2003.11.17"]
[Round "6"]
[White "Grbic, Zlatko"]
[Black "Block, Marco"]
[Result "0-1"]
[WhiteElo "1816"]
[BlackElo "1545"]
[PlyCount "38"]
[EventDate "2003.10.13"]
[EventType "swiss"]
[EventRounds "7"]
[EventCountry "GER"]
[SourceTitle "EXT 2007"]
[Source "ChessBase"]
[SourceDate "2006.11.23"]
[SourceVersion "1"]
[SourceVersionDate "2006.11.23"]
[SourceQuality "1"]

1. e4 c5 2. Nf3 Nc6 3. d4 cxd4 4. Nxd4 g6 5. Nc3 Bg7 6. Be3 Nf6 7. Be2 0-0 8. Qd2 d5 9. Nxc6 bxc6 10. 0-0-0 Qa5 11. Bh6 Nxe4 12. Nxe4 Qxa2 13. c3 Bxh6 14. Qxh6 Rb8 15. b4 Bf5 16. Bd3 dxe4 17. Bc2 Qa1+ 18. Kd2 Rfd8+ 19. Ke2 Qxc3 0-1

[Event "Berlin op 10"]
[Site "Berlin"]
[Date "2003.11.10"]
[Round "5"]
[White "Hennings, Dirk"]
[Black "Grbic, Zlatko"]
[Result "1/2-1/2"]
[WhiteElo "1595"]
[BlackElo "1816"]
[PlyCount "106"]
[EventDate "2003.10.13"]
[EventType "swiss"]
[EventRounds "7"]
[EventCountry "GER"]
[SourceTitle "EXT 2007"]
[Source "ChessBase"]
[SourceDate "2006.11.23"]
[SourceVersion "1"]
[SourceVersionDate "2006.11.23"]
[SourceQuality "1"]

1. d4 e5 2. dxe5 f6 3. Nf3 Nc6 4. e4 fxe5 5. Bc4 Qf6 6. Nc3 Bb4 7. Ng5 Nh6 8. Qh5+ Qg6 9. Qxg6+ hxg6 10. Bd2 Rf8 11. f3 Na5 12. Bd3 Nf7 13. h4 d6 14. a3 Bxc3 15. Bxc3 Nc6 16. Bc4 Ncd8 17. 0-0-0 Nxg5 18. hxg5 Be6 19. Bd5 Ke7 20. Rh7 Rg8 21. f4 Bxd5 22. exd5 Nf7 23. Re1 Rae8 24. fxe5 dxe5 25. Bxe5 Kd7 26. Bc3 Rxe1+ 27. Bxe1 Nxg5 28. Rh4 Rf8 29. Rg4 Rf5 30. Bh4 Nf7 31. Rxg6 Rxd5 32. Rxg7 Ke6 33. Rg6+ Ke5 34. Rg7 Ke6 35. Rg6+ Ke5 36. Bg3+ Kf5 37. Rg8 Rd7 38. Rc8 c6 39. Rc7 Rxc7 40. Bxc7 Ne5 41. Bxe5 Kxe5 42. Kd2 Kf4 43. Kd3 Kg3 44. Kd4 Kxg2 45. Kc5 Kf2 46. Kd6 Ke3 47. Kc7 c5 48. Kxb7 c4 49. Ka6 Kd2 50. Kb5 Kxc2 51. Kxc4 Kxb2 52. a4 Ka3 53. Kb5 a6+ 1/2-1/2

[Event "Berlin op 10"]
[Site "Berlin"]
[Date "2003.11.03"]
[Round "4"]
[White "Grbic, Zlatko"]
[Black "Welz, Peter"]
[Result "0-1"]
[WhiteElo "1816"]
[BlackElo "2083"]
[PlyCount "74"]
[EventDate "2003.10.13"]
[EventType "swiss"]
[EventRounds "7"]
[EventCountry "GER"]
[SourceTitle "EXT 2007"]
[Source "ChessBase"]
[SourceDate "2006.11.23"]
[SourceVersion "1"]
[SourceVersionDate "2006.11.23"]
[SourceQuality "1"]

1. e4 e6 2. d4 d5 3. exd5 exd5 4. Nf3 Bg4 5. h3 Bh5 6. Be2 Bd6 7. Nc3 c6 8. Be3 Ne7 9. Ne5 Bxe2 10. Qxe2 Bxe5 11. dxe5 0-0 12. 0-0-0 Nd7 13. f4 b5 14. g4 Qa5 15. Kb1 Nb6 16. Bc5 Rfe8 17. a3 Ng6 18. Qf2 Nf8 19. Rhe1 Nc4 20. Na2 Qc7 21. b3 Nb6 22. Bd6 Qb7 23. f5 a5 24. g5 a4 25. Nc1 axb3 26. cxb3 Nc8 27. Bb4 Qc7 28. Nd3 Nd7 29. Qd4 Ne7 30. Rf1 c5 31. Nxc5 Nxe5 32. Bc3 N7c6 33. Qxd5 Rxa3 34. Bb2 Raa8 35. f6 Qa7 36. Bxe5 Rxe5 37. Qxc6 Rxc5 0-1